Missing Word: Batmen Quiz Stats

Quiz Updated Sep 17, 2014

Challenge
Share
Tweet
Embed
Score 0/20 Timer 06:00
1 Play Today
Hint Answer % Correct
Michael KeatonStory
98.7%
Val KilmerBang
96.8%
George ClooneyBrother
93.2%
Michael KeatonAdo
92.9%
Christian BaleAmerican
91%
George ClooneyIdes
90.7%
George ClooneyBurn
87%
Val KilmerTop
84.9%
Christian BaleYuma
82.2%
George ClooneyFox
80.1%
Hint Answer % Correct
Michael KeatonFully
77%
Val KilmerPrince
76.5%
Michael KeatonWhite
70.5%
Val KilmerIsland
67.4%
Christian BalePublic
63.6%
Michael KeatonBrown
58.1%
George ClooneyCruelty
51.6%
Christian BaleTerminator
40.6%
Val KilmerGenius
21.4%
Christian BaleFurnace
16.2%

Today's Daily Dose

Missing Word
NPR Programs

Quick Pick
1991 Events

On This Day
June 18th II

You're not logged in!

Compare scores with friends on all Sporcle quizzes.
Join for Free
OR
Log In

You Might Also Like...

Show Comments

Extras

Top Quizzes Today


Score Distribution

Your Account Isn't Verified!

In order to create a playlist on Sporcle, you need to verify the email address you used during registration. Go to your Sporcle Settings to finish the process.

Report this User

Report this user for behavior that violates our Community Guidelines.

Details: